000 00493pam a2200145 a 4500
020 _c
041 _h
082 _a005.133
_bCOR
245 _aVisual C++ .NET: A Primer for C++ Developers /
_cNULL.
_hTextual Documents
260 _aNavi Mumbai :
_bShroff Publishers & Distributors Pvt. Ltd. ,
_c2002.
300 _a878 ;
_c24*18.
653 _aProgramming Languages (A To Z)
700 _aFraser, Stephen.
_aGentile, Sam.
_aKumar, Niranjan.
_aMclean, Scott.
_aRobinson, Simon.
930 _a179
999 _c119682
_d119682